| 000 | 01565 a2200241 4500 | ||
|---|---|---|---|
| 001 | 21582 | ||
| 005 | 20260407155506.0 | ||
| 008 | 260407a2012 arg spa d | ||
| 003 | AR-UNSa-BCEJYS | ||
| 040 |
_aAR-UNSa-BCEJYS _bspa _cAR-UNSa-BCEJYS |
||
| 080 |
_a336.225 _xMétodo de tributación y administración de impuestos |
||
| 245 | 1 | 0 |
_aProcedimiento tributario _pteoría y práctica para el contribuyente |
| 020 | _a978-987-01-1366-9 | ||
| 264 | 1 |
_aBuenos Aires : _bErrepar _c2012 |
|
| 300 |
_axlvii, 1029 p. _c22 cm. |
||
| 505 | _a1. Acción de repetición - 2. La competencia del Tribunal Fiscal de la Nación - 3. Acciones declarartivas en materia tributaria - 4. El litigio en el orden federal provincial y municipal. El problema del solve et repete - 5. Ejecuciones fiscales - 6. Créditos tributarios, compensación y correciones simetricas - 7. Prescripción en materia tributaria - 8. El régimen de presunciones y ficciones en el derecho tributario - 9. El principio de la realidad economica - 10. El valor de la contabilidad y la doctrina de los actos propios - 11. Omisión de impuestos - 12. Defraudación fiscal - 13. La sanción de clausura - 14. Responsabilidad de los directores de empresas - 15. Anticipos, agentes de retención y percepción. | ||
| 942 | _cBK | ||
| 590 | _aniveau_biblio:m niveau_hierar:0 | ||
| 100 | 1 | _aD´Alessandro, Valeria P. | |
| 700 | 1 | _aGotlib, Gabriel | |
| 700 | 1 | _aMohadeb, Sergio | |
| 856 | 4 | 1 |
_uhttps://biblioeco.unsa.edu.ar/pmb/images/libros/Procedimiento Tributario(Gotlib)2.jpg _yImagen de portada _qimage/jpeg |
| 999 |
_c826 _d826 |
||